Kinder und Jugend Serien 90er-2000er (50+) - Statistiken

Allgemein
  • Dieses Quiz wurde 482 mal gespielt
  • Das Durchschnittsergebnis liegt bei 25 aus 52
Antwortstatistiken
Bildquiz Antwort % Korrekt
Kim Possible
89%
Lilo und Stitch
87%
Mr. Bean
87%
Hannah Montana
80%
Weihnachtsmann & Co KG
77%
Cosmo und Wanda
75%
Dora
75%
Lauras Stern
73%
Phineas und Ferb
73%
Tabaluga
73%
iCarly
71%
Naruto
71%
Die Gummibärenbande
70%
Lazy Town
69%
Pokemon
69%
Yakari
69%
Scooby Doo
68%
Powerpuff Girls
62%
Angelo
61%
American Dragon
58%
Jimmy Neutron
58%
Simsalagrimm
58%
Typisch Andy
54%
Lucky Luke
52%
Ben 10
51%
Coco
51%
Sally Bollywood
51%
Rosaroter Panther
49%
Zoey 101
49%
Hotel Zack und Cody
45%
Filmore
44%
Oggy und die Kakerlaken
44%
Neds ultimativer Schulwahnsinn
39%
Avatar - Der Herr der Elemente
35%
Die Zauberer vom Waverly Place
35%
Die Pinguine aus Madagascar
34%
Pingu
34%
Marsupilami
32%
Beutolomäus
31%
Simsalabim Sabrina
27%
Zack und Cody an Bord
25%
Kuzcos Königsklasse
24%
Kid vs Cat
21%
Zig und Sharko
20%
Flipper und Lopaka
18%
Käpt'n Balu und seine tollkühne Crew
16%
Totally Spies
16%
Camp Lazlo
15%
O.C. California
14%
Jacob
13%
Braceface
7%
Backyardigans
5%
Keine übereinstimmenden Quizze gefunden
Verteilung der Resultate
Anzahl Personen mit jedem Resultat
Perzentil nach korrekt beantworteten Fragen
Ihre Resultats-Entwicklung
Sie haben dieses Quiz noch nicht gespielt